| 000 | 00847nam a2200253Ia 4500 | ||
|---|---|---|---|
| 003 | OSt | ||
| 005 | 20221005113354.0 | ||
| 006 | a|||||r|||| 00| 0 | ||
| 007 | ta | ||
| 008 | 221004b |||||||| |||| 00| 0 pan d | ||
| 020 |
_a9380672594 (hbk) _c250 |
||
| 024 | _a116972 | ||
| 037 |
_b565, 02/02/2012, H.K. Prakashan _cTextual |
||
| 040 |
_aCRL _cCRL _bpan |
||
| 041 |
_2pan _apan |
||
| 082 | _aP153,6:4k, 153Q2 | ||
| 100 | _aਇੱਛੂਪਾਲ, ਙਰ। | ||
| 245 | 0 | _aਪੰਜਾਬੀ ਅਖਾਣ ਕੋ | |
| 260 |
_aਮਾਨਸਾ _bਉਡਾਨ ਪਬਲਿਕੇਨ ਭਾਰਤ _c2012 |
||
| 300 |
_a223ਪੰ _ccm. |
||
| 650 | _aਪੰਜਾਬੀ ਭਾFਾ | ||
| 942 |
_hP153,6:4k, 153Q2 _cTEXL _2cc |
||
| 999 |
_c1027958 _d1027958 |
||